[Event "Dortmund NRW Cup U20"]
[Site "Dortmund"]
[Date "2019.07.20"]
[Round "8"]
[White "Gallasch, Robin"]
[Black "Seref, Erdogan"]
[Result "1-0"]
[WhiteElo "1987"]
[BlackElo "1989"]
[PlyCount "71"]
[EventDate "2019.07.13"]
[EventType "tourn"]
[EventRounds "9"]
[EventCountry "GER"]
[SourceTitle "CBM 191 Extra"]
[Source "ChessBase"]
[SourceDate "2019.09.30"]
[SourceVersion "1"]
[SourceVersionDate "2019.09.30"]
[SourceQuality "1"]

1. Nf3 Nf6 2. g3 d5 3. Bg2 Bf5 4. 0-0 e6 5. d3 h6 6. Nfd2 Bh7 7. e4 Be7 8. Nc3 c5 9. e5 Nfd7 10. f4 Nc6 11. Kh1 Rb8 12. Nf3 b5 13. Ne2 Qc7 14. g4 h5 15. gxh5 Bf5 16. Ng3 Bg4 17. h3 Bxh5 18. Nxh5 Rxh5 19. c4 Rh8 20. cxd5 exd5 21. Bd2 Nf8 22. d4 c4 23. f5 f6 24. Qe2 Kd8 25. Bf4 g5 26. Bh2 g4 27. hxg4 Nxd4 28. Nxd4 fxe5 29. Qxe5 Qxe5 30. Nc6+ Kc8 31. Nxe5 Bd6 32. Rfe1 Nd7 33. Nf3 Bxh2 34. Nxh2 Nf6 35. Kg1 Kd7 36. Rad1 1-0

[Event "Muenster op 36th"]
[Site "Muenster"]
[Date "2018.10.13"]
[Round "3"]
[White "Koellner, Ruben Gideon"]
[Black "Seref, Erdogan"]
[Result "1-0"]
[WhiteElo "2274"]
[BlackElo "1953"]
[PlyCount "33"]
[EventDate "2018.10.12"]
[EventType "swiss"]
[EventRounds "9"]
[EventCountry "GER"]
[SourceTitle "CBM 187 Extra"]
[Source "ChessBase"]
[SourceDate "2018.11.04"]
[SourceVersion "1"]
[SourceVersionDate "2018.11.04"]
[SourceQuality "1"]

1. d4 Nf6 2. Bg5 d5 3. e3 e6 4. f4 Be7 5. Bxf6 Bxf6 6. Nf3 Nd7 7. Bd3 c5 8. c3 Be7 9. Nbd2 b6 10. Ne5 0-0 11. 0-0 Nf6 12. g4 Bb7 13. Qf3 Ne8 14. g5 g6 15. Qh3 a5 16. Rf3 Ba6 17. Qh6 1-0

[Event "GER-ch U25-A"]
[Site "Willingen"]
[Date "2018.05.20"]
[Round "2"]
[White "Seref, Erdogan"]
[Black "Knudsen, Simon"]
[Result "0-1"]
[WhiteElo "1905"]
[BlackElo "2122"]
[PlyCount "74"]
[EventDate "2018.05.19"]
[EventType "swiss"]
[EventRounds "9"]
[EventCountry "GER"]
[SourceTitle "CBM 184 Extra"]
[Source "ChessBase"]
[SourceDate "2018.06.28"]
[SourceVersion "1"]
[SourceVersionDate "2018.06.28"]
[SourceQuality "1"]

1. e4 g6 2. d4 Bg7 3. Nc3 d6 4. Be3 a6 5. a4 Nc6 6. Qd2 e6 7. f3 b6 8. Nge2 Bb7 9. h4 h5 10. Nf4 Nge7 11. Be2 d5 12. Rd1 dxe4 13. fxe4 e5 14. dxe5 Qxd2+ 15. Rxd2 Nxe5 16. Nfd5 Nxd5 17. Nxd5 0-0-0 18. 0-0 Rhe8 19. Bg5 Rd7 20. Rfd1 Kb8 21. c3 Nc6 22. Bf3 Na5 23. Bf6 Bh6 24. Re2 Nc4 25. b3 Ne5 26. Kf2 Nxf3 27. gxf3 c6 28. c4 cxd5 29. exd5 Rxe2+ 30. Kxe2 Bf4 31. Rd4 Bd6 32. Kd3 Bc8 33. Ke4 Rb7 34. Kd3 Bc5 35. Rf4 Bf5+ 36. Ke2 Kc8 37. Be5 Kd7 0-1

[Event "Ruhrgebiet Verbandsklasse Gruppe 3 1718"]
[Site "Germany"]
[Date "2018.01.14"]
[Round "5.6"]
[White "Heiming, Thomas"]
[Black "Seref, Erdogan"]
[Result "1-0"]
[WhiteElo "1813"]
[BlackElo "1828"]
[PlyCount "65"]
[EventDate "2017.09.17"]
[EventType "team-tourn"]
[EventRounds "9"]
[EventCountry "GER"]
[SourceTitle "EXT 2022"]
[Source "ChessBase"]
[SourceDate "2021.10.06"]
[SourceVersion "1"]
[SourceVersionDate "2021.10.06"]
[SourceQuality "1"]
[WhiteTeam "Hervest Dorsten"]
[BlackTeam "Brackel SF III"]
[WhiteTeamCountry "GER"]
[BlackTeamCountry "GER"]

1. e4 e5 2. Nf3 Nc6 3. Bc4 Bc5 4. c3 Nf6 5. 0-0 Nxe4 6. Bd5 Nf6 7. Bxc6 dxc6 8. Nxe5 0-0 9. d4 Be7 10. Be3 Bf5 11. Nd2 Nd7 12. Ndf3 Nxe5 13. Nxe5 f6 14. Qb3+ Qd5 15. c4 Qe6 16. Nf3 Bg4 17. Nd2 f5 18. f3 Bh5 19. Rae1 Qd7 20. Rd1 Bf7 21. Qc2 Bf6 22. Nb3 b6 23. Bf2 Rad8 24. Nc1 Rfe8 25. b3 Re7 26. Nd3 Bxd4 27. Ne5 Rxe5 28. Bxd4 Ree8 29. Bf6 Qxd1 30. Rxd1 Rxd1+ 31. Qxd1 gxf6 32. Qd7 Kg7 33. Qxc7 1-0

[Event "Dortmund Sparkassen op-A 45th"]
[Site "Dortmund"]
[Date "2017.07.21"]
[Round "7"]
[White "Dyballa, Gerhard"]
[Black "Seref, Erdogan"]
[Result "1-0"]
[WhiteElo "1957"]
[BlackElo "1835"]
[PlyCount "83"]
[EventDate "2017.07.15"]
[EventType "swiss"]
[EventRounds "9"]
[EventCountry "GER"]
[SourceTitle "CBM 179 Extra"]
[Source "ChessBase"]
[SourceDate "2017.08.23"]
[SourceVersion "1"]
[SourceVersionDate "2017.08.23"]
[SourceQuality "1"]

1. c4 e6 2. g3 d5 3. Bg2 Nf6 4. Nf3 dxc4 5. Na3 Bxa3 6. bxa3 b5 7. Rb1 a6 8. a4 Bb7 9. Ba3 Nbd7 10. Qc1 Be4 11. Rb2 c6 12. 0-0 Nb6 13. d3 cxd3 14. exd3 Bd5 15. axb5 axb5 16. Rc2 Nbd7 17. Nd4 Bxg2 18. Kxg2 Ne5 19. Nxc6 Qd5+ 20. f3 Nxc6 21. Rxc6 Qxa2+ 22. Bb2 0-0 23. Qc3 Rfd8 24. Ra1 b4 25. Qc1 Qxa1 26. Bxa1 h6 27. Bxf6 gxf6 28. Rb6 Rxd3 29. Rxb4 Ra2+ 30. Rb2 Rxb2+ 31. Qxb2 Kg7 32. Kf2 Rd5 33. f4 h5 34. h3 Kg6 35. g4 hxg4 36. hxg4 Ra5 37. Kg3 Rd5 38. Kh4 Ra5 39. Qb4 Rd5 40. Qf8 Rd1 41. Qg8+ Kh6 42. g5+ 1-0

[Event "GER-chT U14"]
[Site "Duesseldorf"]
[Date "2016.12.28"]
[Round "4.4"]
[White "Gallasch, Robin"]
[Black "Seref, Erdogan"]
[Result "1/2-1/2"]
[WhiteElo "1620"]
[BlackElo "1738"]
[PlyCount "86"]
[EventDate "2016.12.27"]
[EventType "team-swiss"]
[EventRounds "7"]
[EventCountry "GER"]
[SourceTitle "EXT 2018"]
[Source "ChessBase"]
[SourceDate "2017.10.13"]
[SourceVersion "1"]
[SourceVersionDate "2017.10.13"]
[SourceQuality "1"]
[WhiteTeam "Porz SG U14"]
[BlackTeam "Brackel U14"]
[WhiteTeamCountry "GER"]
[BlackTeamCountry "GER"]

1. d4 d5 2. c4 e6 3. Nc3 Nf6 4. Bg5 Be7 5. cxd5 exd5 6. Qc2 Nbd7 7. e3 c6 8. Bd3 Nh5 9. Bxe7 Qxe7 10. Nf3 Nf4 11. 0-0 Nxd3 12. Qxd3 0-0 13. a3 a5 14. b3 Nf6 15. Na4 Ne4 16. Rfc1 Bf5 17. Qf1 Nd6 18. Nc5 Be4 19. Ne5 f6 20. Ned3 Ra7 21. Nb2 Rfa8 22. Nba4 Qd8 23. Qe1 Bf5 24. Qe2 Qc7 25. Nd3 Bxd3 26. Qxd3 Qd8 27. Nc5 Qe7 28. Qd1 Re8 29. Qg4 Ne4 30. Nxe4 Qxe4 31. Qxe4 Rxe4 32. b4 axb4 33. axb4 Rxa1 34. Rxa1 f5 35. Kf1 f4 36. Ke2 fxe3 37. fxe3 Kf7 38. b5 cxb5 39. Rb1 Re7 40. Rxb5 Ke6 41. Rb6+ Kf5 42. Kd3 Rd7 43. h3 h5 1/2-1/2